NCAA College Teams by State: Rhode Island - Statistics

General Stats
  • This quiz has been taken 63 times
  • The average score is 4 of 8
Answer Stats
% Correct
Division I-AA Rhode Island Rams
100%
Division I-AA Providence Friars
96%
Division I-AA Brown Bears
70%
Division I-AA Bryant Bulldogs
60%
Division III Rhode Island College Anchormen
40%
Division III Roger Williams Hawks
34%
Division III Salve Regina Seahawks
34%
Division III Johnson & Wales-Providence Wildcats
8%
No matching quizzes found
Score Distribution
Percent of People with Each Score
Percentile by Number Answered
Your Score History
You have not taken this quiz